Catálogo público

Métodos y fechas de siembra para praderas de avena y raigrás anual / (Record no. 168366)

MARC details
000 -CABECERA
campo de control de longitud fija 00795nam a2200277Ia 4500
001 - NÚMERO DE CONTROL
campo de control Z_5302
003 - IDENTIFICADOR DEL NÚMERO DE CONTROL
campo de control CHAP
008 - DATOS DE LONGITUD FIJA--INFORMACIÓN GENERAL
campo de control de longitud fija 220113s2005 xx 000 0 und d
010 ## - NÚMERO DE CONTROL DE LA BIBLIOTECA DEL CONGRESO
Número de control de LC 168366
040 ## - FUENTE DE LA CATALOGACIÓN
Centro/agencia transcriptor CHAP
090 ## - LOCALMENTE ASIGNADO TIPO-LC NÚMERO DE CLASIFICACIÓN (OCLC); NÚMERO DE CLASIFICACIÓN LOCAL (RLIN)
Número de clasificación (OCLC) (R) ; Numero de clasificación, CALL (RLIN) (NR) Tesis D 1904
100 ## - ENTRADA PRINCIPAL--NOMBRE DE PERSONA
Nombre de persona Diez Castellanos, Carlos
9 (RLIN) 32556
245 ## - MENCIÓN DE TÍTULO
Título Métodos y fechas de siembra para praderas de avena y raigrás anual /
Mención de responsabilidad, etc. Carlos Diez Castellanos
260 ## - PUBLICACIÓN, DISTRIBUCIÓN, ETC.
Lugar de publicación, distribución, etc. Chapingo, Méx. :
Nombre del editor, distribuidor, etc. El autor,
Fecha de publicación, distribución, etc. 2005
300 ## - DESCRIPCIÓN FÍSICA
Extensión 51 h.
502 ## - NOTA DE TESIS
Nota de tesis Tesis (Maestro en Ciencias Esp. en Producción Animal) -- UACH. Departamento de Zootecnia
650 ## - PUNTO DE ACCESO ADICIONAL DE MATERIA--TÉRMINO DE MATERIA
Término de materia o nombre geográfico como elemento de entrada Avena
9 (RLIN) 8503
650 ## - PUNTO DE ACCESO ADICIONAL DE MATERIA--TÉRMINO DE MATERIA
Término de materia o nombre geográfico como elemento de entrada Fechas de siembra
9 (RLIN) 39904
650 ## - PUNTO DE ACCESO ADICIONAL DE MATERIA--TÉRMINO DE MATERIA
Término de materia o nombre geográfico como elemento de entrada Lolium multiflorum
9 (RLIN) 67504
901 ## - ELEMENTOS DE DATOS A LOCAL LDA (RLIN)
a TESIS D 1904
902 ## - ELEMENTOS DE DATOS B LOCAL, LDB (RLIN)
a M
910 ## - DATOS DE OPCIÓN DEL USUARIO (OCLC)
Datos de opción del usuario 2005
942 ## - ELEMENTOS DE PUNTO DE ACCESO ADICIONAL (KOHA)
Tipo de ítem Koha Tesis_
942 ## - ELEMENTOS DE PUNTO DE ACCESO ADICIONAL (KOHA)
Tipo de ítem Koha Tesis_
Holdings
Estado de retiro Estado de pérdida Fuente del sistema de clasificación o colocación Estado dañado No para préstamo Código de colección Localización permanente Ubicación/localización actual Fecha de adquisición Fuente de adquisición Total de préstamos Signatura topográfica completa Código de barras Fecha visto por última vez Número de copia Precio válido a partir de Tipo de ítem Koha Restricciones de uso
    Clasificación Universidad Autónoma de Chapingo   Excluido de préstamo Tesis Zootecnia Zootecnia 11/01/2006 El autor   Tesis D54 1904 2005 5101003196 18/01/2022 Ej.1 18/01/2022 Tesis  
    Clasificación Universidad Autónoma de Chapingo     Tesis Zootecnia Zootecnia 11/01/2006 El autor   Tesis D54 1904 2005 5101003197 18/01/2022 Ej.2 18/01/2022 Tesis Préstamo interno